| 000 | 00865nab a2200253 u 4500 | ||
|---|---|---|---|
| 001 | 15525 | ||
| 003 | HDC | ||
| 007 | cr bn ---aaaaa | ||
| 008 | 210218c mydr|nes 0 a may d | ||
| 040 | _aHDC | ||
| 100 |
_aDr Muzaffar Syah Mallow _eauthor _915705 |
||
| 245 | 0 |
_aPantau promosi hidangan buka puasa elak salah guna status halal / _cby Dr Muzaffar Syah Mallow |
|
| 260 |
_aMalaysia: _bBerita Harian, _c2015 |
||
| 336 |
_atext _2rdacontent |
||
| 337 |
_acomputer _2rdamedia |
||
| 338 |
_aonline resource _2rdacarrier |
||
| 650 |
_ahalal status _9540 |
||
| 650 |
_aRamadhan month _915706 |
||
| 710 | _aBerita Harian | ||
| 856 | _zRequest full-text at [email protected] | ||
| 942 | _2lcc | ||
| 942 | _cNEWS | ||
| 942 | _kNSWC 004893 | ||
| 999 |
_c12841 _d12841 |
||